Garotas da Rua Beacon (Record no. 60666)

MARC details
000 -LÍDER
campo de controle de tamanho fixo 00343 a2200157 4500
001 - NÚMERO DE CONTROLE
campo de controle 60666
020 ## - ISBN - INTERNATIONAL STANDARD BOOK NUMBER
ISBN - International Standard Book Number 9788576767053
040 ## - FONTE DA CATALOGAÇÃO
Instituição que transcreveu o registro Anchieta - Pituba
100 ## - ENTRADA PRINCIPAL--NOME PESSOAL
Nome pessoal Bryant, Annie
240 10 - TÍTULO UNIFORME
Título uniforme Garotas da Rua Beacon
Idioma da obra por
245 10 - TÍTULO
Título Garotas da Rua Beacon
300 ## - DESCRIÇÃO FÍSICA
Extensão 259
362 0# - DATAS DE PUBLICAÇÃO E/OU DESIGNAÇÃO SEQUENCIAL
Datas de publicação e/ou designação sequencial 2010
650 #4 - ASSUNTO--TERMO TÓPICO
Cabeçalho tópico ou nome geográfico Literatura juvenil
942 ## - ELEMENTOS DE ENTRADA ADICIONADOS (KOHA)
Tipo de material Koha Livros
Holdings
Situação do descarte Situação das perdas Situação física Não pode ser emprestado Biblioteca de origem Biblioteca atual Data de aquisição Total de empréstimos Número de chamada completo Código de barras Data de último acesso Data do preço efetivo Tipo de material Koha Fonte da classificação ou esquema de arquivamento na estante Nota pública
        Colégio Anchieta - Pituba Colégio Anchieta - Pituba 21/11/2023   LJ 028.5 B915g BRY GAR 12415/PIT 21/11/2023 21/11/2023 Livros    
        Novo Tempo - Aureliano São José Novo Tempo - Aureliano São José 03/07/2024     if493 03/07/2024 03/07/2024 Livros Classificação Decimal de Dewey G
        Novo Tempo - Aureliano São José Novo Tempo - Aureliano São José 03/07/2024     if494 03/07/2024 03/07/2024 Livros Classificação Decimal de Dewey G
        Novo Tempo - Aureliano São José Novo Tempo - Aureliano São José 03/07/2024     if495 03/07/2024 03/07/2024 Livros Classificação Decimal de Dewey G
        Novo Tempo - Aureliano São José Novo Tempo - Aureliano São José 03/07/2024     if496 03/07/2024 03/07/2024 Livros Classificação Decimal de Dewey G